000 00743nam a2200265 a 4500
005 20200104041524.0
008 140121b1998 ck ||||| |||| 00| 0 spa d
040 _cCO-BoIH
041 _aspa
044 _ack
090 _aIAvH
_b00091
100 _aRueda Almonacid, José Vicente
_9689
245 _aHerpetofauna amenazada de extinción en Colombia
_binforme final
260 _aBogotá
_bMinambiente
_bInstituto Alexander von Humboldt
_c1998
300 _a54 p.
650 _aHerpetofauna
_94239
650 _aEspecies amenazadas
_9157
650 _aExtinción
_91360
650 _aAnfibia
_94338
650 _aAnfibios
_930902
650 _aReptiles
_930903
650 _aReptilia
_93233
662 _aColombia
942 _cINFORME
_2z
999 _c1723
_d1723